000
00264nam a22001217a 4500
999
_c
2626
_d
2626
082
_a
297
100
_a
Adeel Zeerak
245
_a
Women Feminism and Islam
260
_a
Karachi
_b
Abrar Sons
_c
2014
300
_a
250
650
_a
Islamic Publication
942
_c
BK